[Event "HUN-chT2 Breyer 0809"]
[Site "Hungary"]
[Date "2009.02.08"]
[Round "7"]
[White "Nemeth, Maria"]
[Black "Laszlo, Imre"]
[Result "0-1"]
[WhiteElo "2072"]
[BlackElo "2207"]
[PlyCount "108"]
[EventDate "2008.10.26"]
[EventType "team-tourn"]
[EventRounds "11"]
[EventCountry "HUN"]
[SourceTitle "EXT 2010"]
[Source "ChessBase"]
[SourceDate "2010.11.25"]
[SourceVersion "1"]
[SourceVersionDate "2010.11.25"]
[SourceQuality "1"]
[WhiteTeam "Zsambek"]
[BlackTeam "Tatai Honved"]
[WhiteTeamCountry "HUN"]
[BlackTeamCountry "HUN"]

1. d4 Nf6 2. c4 e6 3. Nf3 c5 4. d5 b5 5. a4 b4 6. Nbd2 d6 7. e4 e5 8. Be2 g6 9. 0-0 Bg7 10. Qc2 0-0 11. Nb3 h6 12. h3 Nh5 13. Nxe5 Bxe5 14. Bxh5 gxh5 15. Bxh6 Bg7 16. Bxg7 Kxg7 17. f4 Rg8 18. Qf2 Kh6 19. Kh2 Qf6 20. e5 dxe5 21. Nxc5 Nd7 22. Ne4 Qxf4+ 23. Qxf4+ exf4 24. Rxf4 Ne5 25. b3 Rg6 26. c5 Bb7 27. Rd1 Rd8 28. Nd6 Rdxd6 29. cxd6 Rxd6 30. Rxb4 Rd7 31. Rb5 f6 32. b4 Kg6 33. Rc5 a6 34. Kg3 Kf7 35. Rd4 Ng6 36. a5 Ne7 37. d6 Nc6 38. Rf4 Rxd6 39. Rxh5 Ne7 40. Rh7+ Ke6 41. Rf2 Be4 42. Rh8 Rd3+ 43. Kh2 Rb3 44. Rb8 f5 45. Rb6+ Ke5 46. h4 Nd5 47. Rxa6 Ne3 48. Rg6 Ng4+ 49. Rxg4 fxg4 50. Re2 g3+ 51. Kh3 Kf4 52. Rxe4+ Kxe4 53. a6 Rxb4 54. Kxg3 Kf5 0-1

[Event "HUN-chT 0102"]
[Site "Hungary"]
[Date "2002.01.27"]
[Round "6"]
[White "Binder, Tamas"]
[Black "Nemeth, Maria"]
[Result "1-0"]
[WhiteElo "2267"]
[BlackElo "2138"]
[PlyCount "165"]
[EventDate "2001.??.??"]
[EventType "team"]
[EventRounds "11"]
[EventCountry "HUN"]
[SourceTitle "EXT 2004"]
[Source "ChessBase"]
[SourceDate "2003.11.25"]
[SourceVersion "1"]
[SourceVersionDate "2003.11.25"]
[SourceQuality "1"]

1. d4 d5 2. Nf3 Nf6 3. Bf4 e6 4. e3 c6 5. Bd3 Bd6 6. Bxd6 Qxd6 7. 0-0 0-0 8. c4 Nbd7 9. Nc3 e5 10. cxd5 cxd5 11. Nb5 Qb8 12. dxe5 Nxe5 13. Rc1 Nxf3+ 14. Qxf3 Bg4 15. Qg3 Qxg3 16. hxg3 a6 17. Nd4 Rac8 18. Nf5 Bxf5 19. Bxf5 Rb8 20. Rc7 g6 21. Bd3 Rfd8 22. Rfc1 Kf8 23. b4 h5 24. f3 Ne8 25. R7c5 Ke7 26. b5 Rd6 27. Rb1 Rbd8 28. bxa6 bxa6 29. Ra5 Nc7 30. Rb7 R8d7 31. Ra7 Rc6 32. Bxa6 Nxa6 33. R7xa6 Rc1+ 34. Kh2 d4 35. exd4 Rxd4 36. g4 h4 37. g5 Rdd1 38. Re5+ Kf8 39. Kh3 Rc4 40. Ra8+ Kg7 41. g3 Rh1+ 42. Kg2 Rcc1 43. gxh4 Rcg1+ 44. Kf2 Rf1+ 45. Ke3 Re1+ 46. Kd4 Rxh4+ 47. Re4 Rd1+ 48. Ke3 Rh5 49. Ra5 Rg1 50. Ree5 Rg3 51. Kf2 Rgh3 52. Ra7 Rh2+ 53. Ke3 Rh8 54. Ree7 Rf8 55. a4 Rg2 56. Kf4 Rb2 57. a5 Rb5 58. Re5 Rb4+ 59. Kg3 Ra4 60. Rb5 Re8 61. Rbb7 Rf8 62. Rb6 Rc4 63. Rf6 Rc5 64. Kg4 Rc4+ 65. f4 Ra4 66. a6 Ra5 67. Rd7 Ra3 68. a7 Ra5 69. Kf3 Ra4 70. Ke3 Ra5 71. Kd3 Ra4 72. Rc7 Ra5 73. Kc4 Ra4+ 74. Kb5 Ra1 75. Ra6 Rb1+ 76. Kc6 Ra8 77. Ra5 Rb4 78. Rb7 Rc4+ 79. Kb6 Rcc8 80. Rc7 Re8 81. Kb7 Red8 82. Rac5 Re8 83. Rc8 1-0

[Event "HUN-chT 0102"]
[Site "Hungary"]
[Date "2002.01.12"]
[Round "2"]
[White "Nemeth, Maria"]
[Black "Papp, Gabor"]
[Result "0-1"]
[WhiteElo "2138"]
[BlackElo "2291"]
[PlyCount "100"]
[EventDate "2001.??.??"]
[EventType "team"]
[EventRounds "11"]
[EventCountry "HUN"]
[SourceTitle "EXT 2004"]
[Source "ChessBase"]
[SourceDate "2003.11.25"]
[SourceVersion "1"]
[SourceVersionDate "2003.11.25"]
[SourceQuality "1"]

1. d4 Nf6 2. c4 e6 3. Nf3 b6 4. g3 Ba6 5. Qc2 c5 6. Bg2 Nc6 7. Ne5 Bb7 8. Nxc6 Bxc6 9. Bxc6 dxc6 10. dxc5 Bxc5 11. 0-0 0-0 12. Nc3 Qd4 13. b3 Ng4 14. Kg2 Rad8 15. h3 Bb4 16. Ne4 Nf6 17. Nxf6+ Qxf6 18. Be3 Qe7 19. Rad1 f5 20. Rxd8 Rxd8 21. Rd1 Rxd1 22. Qxd1 Bd6 23. Qd2 e5 24. f3 e4 25. f4 h5 26. h4 Bb4 27. Qc2 Qf6 28. Kf2 Qa1 29. Kg2 Qe1 30. Bf2 Qa1 31. Be3 Kf7 32. Bf2 Ke6 33. Be3 g6 34. Bf2 Kd7 35. Be3 Kc7 36. Bf2 Kb7 37. Be3 Ka6 38. Bf2 Qc3 39. Qxc3 Bxc3 40. Be3 Ka5 41. a3 Ka6 42. Bc1 b5 43. cxb5+ Kxb5 44. Kf2 a5 45. Ke3 a4 46. bxa4+ Kxa4 47. Kf2 Kb3 48. Kf1 c5 49. Kf2 c4 50. Kf1 Bb2 0-1

[Event "HUN-chT 0102"]
[Site "Hungary"]
[Date "2001.12.02"]
[Round "4"]
[White "Nemeth, Maria"]
[Black "Goczo, Melinda"]
[Result "0-1"]
[WhiteElo "2138"]
[BlackElo "2158"]
[PlyCount "70"]
[EventDate "2001.??.??"]
[EventType "team"]
[EventRounds "11"]
[EventCountry "HUN"]
[SourceTitle "EXT 2004"]
[Source "ChessBase"]
[SourceDate "2003.11.25"]
[SourceVersion "1"]
[SourceVersionDate "2003.11.25"]
[SourceQuality "1"]

1. d4 d5 2. c4 dxc4 3. e3 Nf6 4. Bxc4 e6 5. Nf3 c5 6. 0-0 a6 7. a4 Nc6 8. Nc3 Be7 9. Qe2 cxd4 10. Rd1 e5 11. exd4 exd4 12. Nxd4 Nxd4 13. Qe5 Qd6 14. Qxd4 Qxd4 15. Rxd4 Be6 16. Bxe6 fxe6 17. Bf4 Kf7 18. Rad1 Bc5 19. R4d3 Rac8 20. h3 Rhe8 21. Be5 Be7 22. g4 h6 23. f4 Red8 24. g5 hxg5 25. fxg5 Rxd3 26. Rxd3 Nd5 27. Nxd5 exd5 28. Rb3 Ke6 29. Bd4 Rc4 30. Bxg7 Bxg5 31. Rb6+ Kf5 32. Rxb7 Rxa4 33. Rd7 Be3+ 34. Kg2 Ke6 35. Ra7 Bxa7 0-1

[Event "Budapest FS07 Elo"]
[Site "Budapest"]
[Date "1999.??.??"]
[Round "8"]
[White "Bock, I."]
[Black "Nemeth, Maria"]
[Result "1/2-1/2"]
[WhiteElo "2220"]
[BlackElo "2095"]
[PlyCount "120"]
[EventDate "1999.07.??"]
[EventType "tourn"]
[EventRounds "9"]
[EventCountry "HUN"]
[SourceTitle "EXT 2000"]
[Source "ChessBase"]
[SourceDate "1999.11.16"]
[SourceVersion "1"]
[SourceVersionDate "1999.11.16"]
[SourceQuality "1"]

1. d4 d5 2. c4 c6 3. Nf3 Nf6 4. Nc3 e6 5. cxd5 cxd5 6. Bf4 Nc6 7. e3 a6 8. Rc1 Bd6 9. Bxd6 Qxd6 10. a3 0-0 11. Bd3 b5 12. b4 Bb7 13. 0-0 Rad8 14. Nb1 h6 15. Nbd2 Rfe8 16. Nb3 e5 17. Bf5 e4 18. Nfd2 Bc8 19. Bxc8 Rxc8 20. Nc5 a5 21. Qb3 axb4 22. axb4 Rb8 23. Ra1 Ra8 24. g3 h5 25. Ra3 h4 26. Rfa1 Rxa3 27. Qxa3 hxg3 28. fxg3 Ng4 29. Nf1 Qf6 30. Ra2 Nxd4 31. exd4 Qxd4+ 32. Kg2 e3 33. Re2 Qc4 34. Qd3 d4 35. Qd1 Qxb4 36. Nb3 Qc4 37. Nxd4 Qd5+ 38. Kg1 Re4 39. Qc2 Rxd4 40. Nxe3 Nxe3 41. Qc8+ Qd8 42. Qxd8+ Rxd8 43. Rxe3 Rb8 44. Kf2 f6 45. Ke2 b4 46. Rb3 Kf7 47. Kd3 Ke6 48. Kc4 Kf5 49. Rf3+ Ke4 50. Rf4+ Ke5 51. Kb3 g5 52. Rxb4 Rxb4+ 53. Kxb4 Kd4 54. h4 gxh4 55. gxh4 Ke4 56. Kc3 Kf4 57. Kd3 Kg4 58. Ke3 f5 59. h5 Kxh5 60. Kf4 Kg6 1/2-1/2

[Event "Budapest FS07 Elo"]
[Site "Budapest"]
[Date "1999.??.??"]
[Round "5"]
[White "Chapu, Laurent"]
[Black "Nemeth, Maria"]
[Result "1-0"]
[WhiteElo "2050"]
[BlackElo "2095"]
[PlyCount "81"]
[EventDate "1999.07.??"]
[EventType "tourn"]
[EventRounds "9"]
[EventCountry "HUN"]
[SourceTitle "EXT 2000"]
[Source "ChessBase"]
[SourceDate "1999.11.16"]
[SourceVersion "1"]
[SourceVersionDate "1999.11.16"]
[SourceQuality "1"]

1. d4 d5 2. Bg5 h6 3. Bh4 c6 4. e3 Qb6 5. Qc1 e5 6. Nf3 e4 7. Nfd2 Be7 8. Bxe7 Nxe7 9. c4 Nd7 10. c5 Qc7 11. b4 0-0 12. Nc3 b6 13. Be2 a5 14. a3 axb4 15. axb4 Bb7 16. 0-0 f5 17. g3 bxc5 18. bxc5 Ra5 19. Rxa5 Qxa5 20. Qb2 Rb8 21. Ra1 Qc7 22. Qc2 Bc8 23. Ra3 Nf6 24. Qa2 Kf7 25. Ra7 Rb7 26. Rxb7 Qxb7 27. Qb3 Qa8 28. Qa4 Qb7 29. Nb3 f4 30. exf4 Bh3 31. Nd1 Bg4 32. Bxg4 Nxg4 33. h3 Nf6 34. Nc3 g6 35. Kg2 h5 36. Na5 Qa6 37. Qb4 Qe2 38. Qb7 Qf3+ 39. Kg1 h4 40. Nxc6 Nfg8 41. Ne5+ 1-0

[Event "Budapest FS07 Elo"]
[Site "Budapest"]
[Date "1999.??.??"]
[Round "2"]
[White "Nemeth, Maria"]
[Black "Horvath, Kalman"]
[Result "1-0"]
[WhiteElo "2095"]
[BlackElo "2130"]
[PlyCount "99"]
[EventDate "1999.07.??"]
[EventType "tourn"]
[EventRounds "9"]
[EventCountry "HUN"]
[SourceTitle "EXT 2000"]
[Source "ChessBase"]
[SourceDate "1999.11.16"]
[SourceVersion "1"]
[SourceVersionDate "1999.11.16"]
[SourceQuality "1"]

1. d4 Nf6 2. c4 c6 3. Nf3 d5 4. Qc2 g6 5. Bf4 Bf5 6. Qb3 Qb6 7. c5 Qxb3 8. axb3 Na6 9. Bd2 Ne4 10. e3 Nc7 11. b4 Bg7 12. Nc3 Nxd2 13. Nxd2 e5 14. dxe5 Bxe5 15. Nf3 Bg7 16. Be2 0-0 17. 0-0 b6 18. cxb6 axb6 19. Rfd1 Rfe8 20. Kf1 b5 21. h3 Bf8 22. Nd4 Bd7 23. Nc2 f5 24. Bf3 g5 25. g4 Kg7 26. Kg2 fxg4 27. hxg4 Rxa1 28. Rxa1 Ra8 29. Rd1 Be8 30. e4 dxe4 31. Bxe4 Ne6 32. Nxb5 Nf4+ 33. Kg3 Rc8 34. Nd6 Bxd6 35. Rxd6 c5 36. bxc5 Rxc5 37. Nd4 Re5 38. f3 Bg6 39. Bxg6 hxg6 40. b4 Ne2+ 41. Kf2 Nc3 42. Rc6 Nd1+ 43. Kg3 Rd5 44. Nc2 Rd2 45. b5 Nf2 46. b6 Nh1+ 47. Kh3 Nf2+ 48. Kg2 Nxg4+ 49. Kg3 Ne5 50. Rc7+ 1-0

[Event "Budapest FS07 Elo"]
[Site "Budapest"]
[Date "1999.??.??"]
[Round "4"]
[White "Nemeth, Maria"]
[Black "Merenyi, Gabor"]
[Result "1-0"]
[WhiteElo "2095"]
[BlackElo "2105"]
[PlyCount "83"]
[EventDate "1999.07.??"]
[EventType "tourn"]
[EventRounds "9"]
[EventCountry "HUN"]
[SourceTitle "EXT 2000"]
[Source "ChessBase"]
[SourceDate "1999.11.16"]
[SourceVersion "1"]
[SourceVersionDate "1999.11.16"]
[SourceQuality "1"]

1. d4 Nf6 2. c4 e6 3. Nf3 Bb4+ 4. Bd2 Qe7 5. g3 b6 6. Bg2 Bb7 7. 0-0 0-0 8. Bf4 d5 9. c5 bxc5 10. a3 Ba5 11. dxc5 Qxc5 12. b4 Qb6 13. Nbd2 c5 14. bxa5 Qxa5 15. Rb1 Bc6 16. Bd6 Ba4 17. Qc1 Rc8 18. Ne5 Nc6 19. Nxc6 Rxc6 20. Be5 Rd8 21. e4 c4 22. Bc3 Qc5 23. exd5 exd5 24. Rb4 Ra6 25. Bxf6 gxf6 26. Nf3 Qa5 27. Qf4 Bc2 28. Nd4 Bd3 29. Nf5 Bxf5 30. Qxf5 Qxa3 31. Rb5 Qd3 32. Qxd3 cxd3 33. Rb3 d4 34. Rxd3 Ra4 35. Be4 Ra5 36. g4 h5 37. h3 hxg4 38. hxg4 Kf8 39. Rfd1 Ra4 40. Kg2 Ke7 41. Rb1 Rd7 42. Bc6 1-0

[Event "HUN-chT2"]
[Site "Hungary"]
[Date "1996.??.??"]
[Round "?"]
[White "Albert, Kornelia"]
[Black "Nemeth, Maria"]
[Result "0-1"]
[WhiteElo "2095"]
[BlackElo "2120"]
[PlyCount "120"]
[EventDate "1996.??.??"]
[EventType "team"]
[EventRounds "13"]
[EventCountry "HUN"]
[SourceTitle "EXT 2006"]
[Source "ChessBase"]
[SourceDate "2005.11.24"]
[SourceVersion "1"]
[SourceVersionDate "2005.11.24"]
[SourceQuality "1"]

1. e4 c5 2. Nf3 e6 3. d4 cxd4 4. Nxd4 Nc6 5. Nxc6 bxc6 6. Bd3 Nf6 7. 0-0 d5 8. Nd2 Be7 9. c4 0-0 10. Qe2 Qc7 11. f4 Bb7 12. b3 Bc5+ 13. Kh1 Bd4 14. Rb1 dxe4 15. Nxe4 c5 16. Ng5 Rad8 17. Nf3 Qc6 18. Bb2 Bxb2 19. Rxb2 Qd6 20. Ne5 Qd4 21. Rd2 Qc3 22. Qe3 Be4 23. Rc2 Qd4 24. Qxd4 Rxd4 25. Bxe4 Nxe4 26. Nc6 Rd7 27. Re2 Nf6 28. Re5 Rc7 29. Na5 Rd8 30. a3 Rd3 31. h3 Kf8 32. Rfe1 Nd7 33. R5e3 Rd4 34. g3 Ke7 35. Kg2 Kf6 36. Kf3 h6 37. g4 g5 38. fxg5+ hxg5 39. Re4 Rd3+ 40. R1e3 Rd1 41. Ke2 Rb1 42. b4 cxb4 43. axb4 Rxb4 44. Rf3+ Ke7 45. Rc3 Nc5 46. Ree3 Na4 47. Rb3 Rxb3 48. Rxb3 Nb6 49. Kd3 f5 50. gxf5 exf5 51. Rb5 Kf6 52. c5 Nd5 53. Kd4 Nf4 54. c6 Nxh3 55. Rb7 Rc8 56. Rxa7 g4 57. Rh7 Nf4 58. Ke3 Nd5+ 59. Kd4 Ne7 60. Kc5 g3 0-1

[Event "HUN-ch (Women)"]
[Site "Hungary"]
[Date "1996.??.??"]
[Round "8"]
[White "Kiss, Fernanda"]
[Black "Nemeth, Maria"]
[Result "0-1"]
[WhiteElo "2160"]
[BlackElo "2120"]
[PlyCount "116"]
[EventDate "1996.??.??"]
[EventType "tourn"]
[EventRounds "9"]
[EventCountry "HUN"]
[SourceTitle "EXT 2001"]
[Source "ChessBase"]
[SourceDate "2000.11.22"]
[SourceVersion "1"]
[SourceVersionDate "2000.11.22"]
[SourceQuality "1"]

1. e4 c6 2. d4 d5 3. Nd2 dxe4 4. Nxe4 Bf5 5. Ng3 Bg6 6. h4 h6 7. Nf3 Nf6 8. h5 Bh7 9. Bd3 Bxd3 10. Qxd3 e6 11. Bd2 Nbd7 12. 0-0-0 Qc7 13. Qe2 Be7 14. Ne5 c5 15. Nxd7 Qxd7 16. dxc5 Qa4 17. Kb1 Rc8 18. Bc3 Rxc5 19. Rh3 Nd5 20. Ne4 Rc4 21. f3 Nxc3+ 22. Nxc3 Qc6 23. Rg3 Rxc3 24. bxc3 Ba3 25. Rg4 Qb6+ 26. Rb4 Bxb4 27. cxb4 Qxb4+ 28. Kc1 Qa3+ 29. Kb1 Qb4+ 30. Kc1 Qf4+ 31. Kb1 0-0 32. Rd3 Qh2 33. Rd7 Qxh5 34. Rxb7 Qd5 35. Qe4 Qc5 36. g4 g6 37. Qf4 Kg7 38. a4 a6 39. Kb2 e5 40. Qe4 Rc8 41. Kb1 Rd8 42. f4 exf4 43. Qxf4 Rd1+ 44. Kb2 Qd4+ 45. Qxd4+ Rxd4 46. Kb3 Rxg4 47. Rb6 h5 48. Rxa6 h4 49. Rd6 h3 50. Rd1 Rh4 51. a5 g5 52. a6 Rh6 53. a7 Ra6 54. Rg1 Kf6 55. Rg3 Rxa7 56. Rxh3 Kf5 57. c4 g4 58. Rh1 Ke4 0-1

[Event "HUN-ch (Women)"]
[Site "Hungary"]
[Date "1996.??.??"]
[Round "3"]
[White "Nemeth, Maria"]
[Black "Forgo, Eva"]
[Result "0-1"]
[WhiteElo "2120"]
[BlackElo "2290"]
[PlyCount "42"]
[EventDate "1996.??.??"]
[EventType "tourn"]
[EventRounds "9"]
[EventCountry "HUN"]
[SourceTitle "EXT 2001"]
[Source "ChessBase"]
[SourceDate "2000.11.22"]
[SourceVersion "1"]
[SourceVersionDate "2000.11.22"]
[SourceQuality "1"]

1. d4 d5 2. c4 c6 3. Nf3 Nf6 4. Qc2 e6 5. g3 dxc4 6. Qxc4 b5 7. Qc2 Bb7 8. Bg2 Nbd7 9. Nc3 a6 10. Ng5 Qb6 11. e4 Qxd4 12. Be3 Qb4 13. a3 Qa5 14. 0-0 h6 15. b4 Qc7 16. f4 hxg5 17. fxg5 Ng4 18. Bd4 e5 19. Qb3 exd4 20. Rxf7 0-0-0 21. Qe6 Nge5 0-1

[Event "HUN-ch (Women)"]
[Site "Hungary"]
[Date "1996.??.??"]
[Round "4"]
[White "Szonyi, Kata"]
[Black "Nemeth, Maria"]
[Result "1-0"]
[WhiteElo "2160"]
[BlackElo "2120"]
[PlyCount "123"]
[EventDate "1996.??.??"]
[EventType "tourn"]
[EventRounds "9"]
[EventCountry "HUN"]
[SourceTitle "EXT 2001"]
[Source "ChessBase"]
[SourceDate "2000.11.22"]
[SourceVersion "1"]
[SourceVersionDate "2000.11.22"]
[SourceQuality "1"]

1. e4 c5 2. Nc3 e6 3. f4 d5 4. Nf3 dxe4 5. Nxe4 Nc6 6. d3 Nf6 7. Be2 Be7 8. 0-0 0-0 9. Kh1 b6 10. b3 Qc7 11. Qe1 g6 12. Bd1 Nd5 13. Qg3 f5 14. Neg5 Bf6 15. d4 cxd4 16. Re1 d3 17. Ne5 dxc2 18. Bf3 Nd4 19. Bb2 Nxf3 20. Ngxf3 Bb7 21. Rac1 Nb4 22. a3 Bxf3 23. Qxf3 Nd5 24. Re2 Rac8 25. Qf2 Qc5 26. Qxc5 Rxc5 27. Rexc2 Rfc8 28. Rxc5 bxc5 29. g3 Kg7 30. b4 c4 31. Rxc4 Rxc4 32. Nxc4 Bxb2 33. Nxb2 Ne3 34. Nd3 Nc2 35. a4 Kf6 36. Kg2 Ke7 37. Kf3 Kd6 38. Ke2 Kd5 39. Kd2 Nd4 40. Ne5 g5 41. Kd3 g4 42. b5 h5 43. Ke3 Nb3 44. Nc6 a5 45. Nd8 Nc5 46. b6 Kd6 47. Kd4 Na6 48. Nb7+ Kc6 49. Nxa5+ Kxb6 50. Nc4+ Kc6 51. Ke5 Nc5 52. a5 Kb5 53. Nd6+ Kxa5 54. Ne8 Kb4 55. Ng7 h4 56. Nxe6 Nd3+ 57. Kxf5 hxg3 58. hxg3 Nf2 59. Ng5 Kc4 60. Ne4 Nh1 61. Kxg4 Kd4 62. Kf3 1-0

[Event "Zalakaros op 14th"]
[Site "Zalakaros"]
[Date "1995.??.??"]
[Round "3"]
[White "Biro, Sandor"]
[Black "Nemeth, Maria"]
[Result "1/2-1/2"]
[WhiteElo "2320"]
[BlackElo "2115"]
[PlyCount "21"]
[EventDate "1995.??.??"]
[EventType "swiss"]
[EventRounds "9"]
[EventCountry "HUN"]
[SourceTitle "EXT 1997"]
[Source "ChessBase"]
[SourceDate "1996.11.15"]
[SourceVersion "1"]
[SourceVersionDate "1996.11.15"]
[SourceQuality "1"]

1. e4 c6 2. d4 d5 3. Nc3 dxe4 4. Nxe4 Nd7 5. Nf3 Ngf6 6. Nxf6+ Nxf6 7. Ne5 Bf5 8. Bc4 e6 9. 0-0 Be7 10. c3 0-0 11. Qe2 1/2-1/2

[Event "HUN-chB (Women)"]
[Site "Eger"]
[Date "1995.??.??"]
[Round "2"]
[White "Medvegy, Nora"]
[Black "Nemeth, Maria"]
[Result "1-0"]
[WhiteElo "2265"]
[BlackElo "2120"]
[PlyCount "93"]
[EventDate "1995.12.??"]
[EventType "tourn"]
[EventRounds "6"]
[EventCountry "HUN"]
[SourceTitle "EXT 1997"]
[Source "ChessBase"]
[SourceDate "1996.11.15"]
[SourceVersion "1"]
[SourceVersionDate "1996.11.15"]
[SourceQuality "1"]

1. e4 c5 2. Nf3 e6 3. d4 cxd4 4. Nxd4 Qb6 5. Nb3 Nc6 6. Nc3 Nf6 7. Bd3 Ne5 8. f4 Nxd3+ 9. cxd3 d5 10. Qe2 d4 11. Nb1 Bb4+ 12. Bd2 0-0 13. 0-0 a5 14. Bxb4 Qxb4 15. Qd2 Qb6 16. Na3 Rd8 17. Nc4 Qb5 18. Nbxa5 Ra6 19. a4 Qh5 20. b4 b5 21. Ne5 Bd7 22. axb5 Bxb5 23. Rfc1 Ng4 24. Nxg4 Qxg4 25. Rc5 Rb6 26. Nb3 h6 27. Ra7 Bxd3 28. Qxd3 Rxb4 29. g3 Rdb8 30. Ra3 g6 31. Rc2 e5 32. fxe5 Qe6 33. Nc5 Qh3 34. Nb3 h5 35. Rc4 Qe6 36. Rxb4 Rxb4 37. Kg2 Qxe5 38. Ra5 Qe6 39. Rd5 Rxb3 40. Qxb3 Qxe4+ 41. Qf3 Qc2+ 42. Kh3 Qc8+ 43. Kg2 Qc2+ 44. Kg1 Qb1+ 45. Qf1 Qe4 46. Rd8+ Kg7 47. Qd1 1-0

[Event "HUN-chB (Women)"]
[Site "Eger"]
[Date "1995.??.??"]
[Round "1"]
[White "Nemeth, Maria"]
[Black "Madl, Ildiko"]
[Result "0-1"]
[WhiteElo "2120"]
[BlackElo "2370"]
[PlyCount "74"]
[EventDate "1995.12.??"]
[EventType "tourn"]
[EventRounds "6"]
[EventCountry "HUN"]
[SourceTitle "EXT 1997"]
[Source "ChessBase"]
[SourceDate "1996.11.15"]
[SourceVersion "1"]
[SourceVersionDate "1996.11.15"]
[SourceQuality "1"]

1. d4 Nf6 2. c4 c5 3. d5 g6 4. Nc3 Bg7 5. e4 d6 6. Be2 0-0 7. Bg5 a6 8. a4 Qa5 9. Bd2 e6 10. Nf3 exd5 11. exd5 Bg4 12. 0-0 Qc7 13. h3 Bxf3 14. Bxf3 Nbd7 15. Ra3 Rfe8 16. Be2 Re7 17. f4 Rae8 18. Bd3 h6 19. Kh1 Nf8 20. a5 Qd8 21. Qf3 N6h7 22. Na4 f5 23. g4 fxg4 24. hxg4 Bd4 25. Qh3 Nf6 26. Raa1 Rf7 27. Kg2 Ne4 28. Be1 Qf6 29. Bh4 Qg7 30. Rae1 g5 31. Rxe4 Rxe4 32. Bxe4 gxh4 33. Nc3 Ng6 34. Bf5 Rxf5 35. Ne2 Rf8 36. b4 Re8 37. Nxd4 Qxd4 0-1

[Event "Budapest FS02 IM (Women)"]
[Site "Budapest"]
[Date "1994.??.??"]
[Round "5"]
[White "Saljova, Silvie"]
[Black "Nemeth, Maria"]
[Result "1/2-1/2"]
[WhiteElo "2145"]
[BlackElo "2115"]
[PlyCount "95"]
[EventDate "1994.02.??"]
[EventType "tourn"]
[EventRounds "11"]
[EventCountry "HUN"]
[SourceTitle "EXT 1997"]
[Source "ChessBase"]
[SourceDate "1996.11.15"]
[SourceVersion "1"]
[SourceVersionDate "1996.11.15"]
[SourceQuality "1"]

1. d4 d5 2. Nf3 Nf6 3. c4 c6 4. cxd5 cxd5 5. Nc3 Nc6 6. h3 a6 7. Bf4 b5 8. Rc1 Bb7 9. e3 e6 10. Bd3 Rc8 11. 0-0 Be7 12. Bb1 0-0 13. Ne5 Na5 14. g4 Ne4 15. Nxe4 Rxc1 16. Qxc1 dxe4 17. Qc2 f6 18. Nf3 Bd6 19. Bxd6 Qxd6 20. Nd2 f5 21. Qc5 Qxc5 22. dxc5 Rd8 23. b4 Rxd2 24. bxa5 Kf7 25. Rc1 Bc6 26. Bc2 Ke7 27. Kf1 Kd7 28. Ke1 Rd5 29. Bb3 Rd3 30. Bc2 Rc3 31. gxf5 exf5 32. Kd2 Rxc5 33. Bxe4 Kd6 34. Rxc5 Kxc5 35. Bxf5 h6 36. Kd3 b4 37. f4 Bd5 38. a3 bxa3 39. Kc3 a2 40. Kb2 g5 41. Bc8 Bc4 42. f5 Kd6 43. f6 Be6 44. Bxa6 Bxh3 45. e4 Be6 46. e5+ Kxe5 47. Bc8 Bc4 48. Ba6 1/2-1/2